1836 1259 1169 1603 1933 1574 1293 1842 1330 1942 1174 1714 1352 1758 1839 1278 1527 1733 1470 1469 1444 1526 1628 1728 1146 1357 1532 1489 1505 1740 1350 1018 1556 1573 1086 1430 1084 1267 1323 1671 1663 1792 1099 1078 1527 1950 1837 1754 1719 1419 1369 1336 1805 1166 1597 1598 1866 1454 1670 1570 1350 1074 1487 1580 1155 1011 1848 1979 1952 1781 1982 1809 1769 1812 1795 1636 1901 1332 1539 1593 1911 1218 1954 1412 1342 1453 1572 1171 1525 1781 1365 1465 1127 1654 1709 1360 1852 1379 1776 BCNSPRNW ULIB Ver.6.0+V

เปลี่ยนเป็นภาษาไทย

Change to English
 แสดงรายละเอียดบรรณานุกรม
  กลับหน้าหลัก

Brief Record : Get Marc (ISO 2709) : E-mail record : QR code < ปิดหน้าต่าง
LEADER : 00000nam 2200000uu 4500
001    13399112768
003     ULIB
008    110908s2544||||th 000 0 tha d
020    9743334033
050  4 LB1029.C45^bป352 2544
245 00 ประมวลบทความนวัตกรรมเพื่อการเรียนรู้สำหรับครูยุคปฏิรูปการศึกษา /^cบรรณาธิการ, พิมพันธ์ เดชะคุปต์, ลัดดา ภู่เกียรติ, สุวัฒนา สุวรรณเขตนิคม
250    พิมพ์ครั้งที่ 3
260    กรุงเทพฯ :^bศูนย์ตำราและเอกสารทางวิชาการ คณะครุศาสตร์จุฬาลงกรณ์มหาวิทยาลัย,^c2544
300    328 หน้า ;^c21 ซม.
490 0  หนังสือชุดปฏิรูปการศึกษา
650  4 การสอนแบบผู้เรียนเป็นศูนย์กลาง
650  4 การเรียนรู้
650  4 การสอน
700 0  พิมพันธ์ เดชะคุปต์,^eบรรณาธิการ
700 0  ลัดดา ภู่เกียรติ,^eบรรณาธิการ
700 0  สุวัฒนา สุวรรณเขตนิคม,^eบรรณาธิการ
710 2  จุฬาลงกรณ์มหาวิทยาลัย. ^bคณะครุศาสตร์.^bศูนย์ตำราและเอกสารทางวิชาการ
945    ^p180^l0^i015021
995    ทศพร
999 ^a ทศพร
รายการนี้ยังไม่มีแท็ก
คุณยังไม่ได้ล็อกอิน คุณสามารถมีกิจกรรมร่วมกับเว็บไซต์ได้ แต่ต้องล็อกอินก่อน ::
  ล็อกอิน

รายการสื่อสารสนเทศ

ลำดับที่ ประเภท เลขเรียก/บาร์โค้ด สถานที่ สถานะ
- ไม่พบข้อมูล -

รายการใกล้เคียง
    หัวเรื่อง [การสอนแบบผู้เรียนเป็นศูนย์กลาง]
    หัวเรื่อง [การเรียนรู้]
    หัวเรื่อง [การสอน]

BibComment


ยังไม่เคยถูกคอมเมนท์

คอมเมนท์ทรัพยากรรายการนี้
  คอมเมนท์: ประมวลบทความนวัตก..


 Copyright 2026. Bcnsprnw @Library